000 00935nam a2200241 a 4500
003 DO-SdBNP
005 20221020152040.0
007 ta
008 221020e2013 dr ||||gr|||| 001 e spa d
040 _aDO-SdBNP
_bspa
_cBNPHU
082 4 _222
_bI24e
110 _977477
_aIglesia Católica
_bPapa (1978-2005 : Juan Pablo II)
245 1 0 _aExhortación apostólica :
_bevangelii gaudium del santo padre Francisco a los obispos y diáconos, a las personas consagradas y a los fieles laicos sobre el anuncio del evangelio en el mundo actual. /
260 _aSanto Domingo :
_bMSC,
_c2013
300 _a170 p. ;
_c21 cm.
490 _aDocumento Pontificio
500 _aIncluye bibliografía y notas al pie de las páginas.
590 _aInventariado 2022 / MF
650 4 _aCartas pontificias
_979445
650 4 _aIglesia Católica. Papa (1978-2005 : Juan Pablo II)
_xCorrespondencia
_981897
910 _aMFeliz
942 _2ddc
_cLBS1
999 _c52602
_d52602